[Event "CUB-ch U18 Girls"]
[Site "San Nicolas de Bari"]
[Date "2012.04.15"]
[Round "2"]
[White "Ramirez Rivera, Isabela"]
[Black "Roca Rojas, Ana Flavia"]
[Result "1-0"]
[WhiteElo "1877"]
[BlackElo "1999"]
[PlyCount "30"]
[EventDate "2012.04.15"]
[EventType "swiss"]
[EventRounds "9"]
[EventCountry "CUB"]
[SourceTitle "CBM 148 Extra"]
[Source "ChessBase"]
[SourceDate "2012.06.22"]
[SourceVersion "1"]
[SourceVersionDate "2012.06.22"]
[SourceQuality "1"]

1. e4 c5 2. Nc3 d6 3. d3 g6 4. g3 Bg7 5. Bg2 Nc6 6. f4 Nf6 7. Nf3 0-0 8. 0-0 Rb8 9. Rb1 Bd7 10. h3 b5 11. a3 Ne8 12. Be3 b4 13. axb4 Rxb4 14. Qd2 Nc7 15. g4 Ne6 1-0